000 00455nam a2200157Ia 4500
008 210716s2018 xx 000 0 und d
020 _a9789332518261
041 _aeng
082 _a658.1511 HORC
100 _aHorngren, Charles T; Sundem, Gary L; Schatzberg, Jeff O; Burgstahler, Dave.
245 _aIntroduction to management accounting.
250 _a16
260 _aNew Delhi
_bPearson
_c2018
300 _a767
650 _aManagement Accounting
999 _c211022
_d211022